| 000 | 01041nam a22002777a 4500 | ||
|---|---|---|---|
| 005 | 20091010122212.0 | ||
| 008 | 091010t xxu||||| |||| 00| 0 eng d | ||
| 010 | _aENG-95117 | ||
| 020 |
_a0198060971 _c895.00 |
||
| 020 |
_a9780198063469 _c895.00 |
||
| 035 | _aEN-78650 | ||
| 037 | _bDBAD/PUB | ||
| 040 |
_aDPL _bENG |
||
| 082 | _a792.0954 | ||
| 245 |
_aTheatre in colonial India : _cedited by Lata Singh _bplay-house of power |
||
| 246 | _aPlay-house of power | ||
| 260 |
_aNew Delhi _bOxford University Press _c2009 |
||
| 270 |
_aYMCA Library Building , Jai Shingh Road, _bNew Delhi _e110001 |
||
| 300 |
_avi, 354p. _c22cm.(Hb) |
||
| 500 | _aIncludes glossary | ||
| 650 |
_aTheater _zIndia _xHistory _y19th century. |
||
| 650 |
_aWomen in the theater _zIndia _xHistory |
||
| 700 | _aSingh, Lata | ||
| 942 |
_2ddc _cEN _mLAT _h792.0954 |
||
| 999 |
_c30875 _d30875 |
||